000 00461nam a2200169Ia 4500
003 GCL
008 140319s9999 xx 000 0 eng d
040 _aGCL /
_cGCL
082 0 4 _a621.3815
_bB D
100 1 _aBUCHLA, DAVID
245 1 0 _aDIGITAL EXPERIMENTS EMPHASIZING SYSTEMS AND DESIGN /
_cBUCHLA, DAVID
260 _a[S.N] :
_bMAXMELL MACMILON ،
_c1994
300 _a367
650 0 4 _aLOGIC CIRCUITS
650 0 4 _aDIGITAL ELECTRONICS
942 _2ddc
_cBK
999 _c16741
_d16741